000 00728nam a22002417a 4500
003 BUBTL
008 170725b xxu||||| |||| 00| 0 eng d
020 _a9788131510193
041 _aEnglish
082 _a658.83/ C4754m/ 2009
_b
100 _91318
_aChurchill, Gilbert A.
245 _aMarketing Research/
_cGilbert A. Churchill, Dawn Iacobucci and D. Israel
250 _aIndia Edition
260 _aIndia
_bCengage Learning
_cc2009
300 _axxvi, 687p. :
_bill, Chart, Table, 24cm .
_c
500 _aIncludes Index.
526 _aBBA, MBA
650 0 _91319
_aMarketing
700 _95479
_aDawn Iacobucci and D. Israel
856 _k0
_l0
_yDownload
942 _2ddc
_cBK
999 _c5493
_d5493